[Event "Hamburg-ch qual"]
[Site "Hamburg"]
[Date "2003.11.15"]
[Round "6.8"]
[White "Ristic, Sreten"]
[Black "Engin, Atay"]
[Result "0-1"]
[WhiteElo "1936"]
[BlackElo "1702"]
[PlyCount "149"]
[EventDate "2003.10.18"]
[EventType "swiss"]
[EventRounds "7"]
[EventCountry "GER"]
[EventCategory "1"]
[SourceTitle "CBM 097 Extra"]
[Source "ChessBase"]
[SourceDate "2004.01.13"]
[SourceVersion "1"]
[SourceVersionDate "2004.01.13"]
[SourceQuality "1"]

1. e4 c5 2. Nf3 Nc6 3. Nc3 d6 4. b3 e5 5. Bc4 a6 6. Bb2 Na5 7. Bd5 Nf6 8. Qe2 Nxd5 9. Nxd5 b5 10. Ne3 Bb7 11. d3 Nc6 12. 0-0 Ne7 13. a4 Ng6 14. g3 h5 15. h4 Qd7 16. Kg2 Ne7 17. axb5 a5 18. c4 f5 19. Nd5 Nxd5 20. exd5 Be7 21. Bc3 f4 22. Qe4 Qg4 23. Nh2 Qd7 24. Qg6+ Kf8 25. gxf4 Bxh4 26. fxe5 dxe5 27. f4 e4 28. Qxe4 Re8 29. Qf3 Bf6 30. Be5 Rh6 31. Qe3 Kg8 32. Qxc5 Bxe5 33. fxe5 Rxe5 34. Ra2 Rg6+ 35. Kh1 Qh3 36. Qf8+ Kh7 37. Qf3 Rg3 38. Qf7 Bc8 39. Qc7 Reg5 40. Qf4 Rg2 41. Raf2 Rf5 42. Rxg2 Rxf4 43. Rxf4 Qxd3 44. Rf3 Qd1+ 45. Rg1 Qe2 46. Rgg3 Qe1+ 47. Kg2 h4 48. Rf2 hxg3 49. Kxg3 Qg1+ 50. Kf3 Qd1+ 51. Ke3 Qxb3+ 52. Kd4 a4 53. Nf3 Qd1+ 54. Kc5 a3 55. b6 Qb1 56. Rh2+ Kg8 57. Re2 Bb7 58. Re8+ Kf7 59. Rb8 Bxd5 60. Kxd5 a2 61. Ne5+ Kf6 62. b7 Kg5 63. c5 a1Q 64. Nf7+ Kf6 65. Nd6 Qe5+ 66. Kc6 Qh1+ 67. Kb6 Kg6 68. Rc8 Qb1+ 69. Kc6 Qh1+ 70. Kb6 Qb2+ 71. Kc7 Qd5 72. c6 Qbe5 73. b8Q Qexd6+ 74. Kb7 Qb5+ 75. Ka8 0-1